Characteristics of Slovak Culture in the Context of Bilateral Austrian-Slovak Relations
Význam bilaterálnych rakúsko-slovenských vzťahov v roku 2004 v súvislosti s hospodárskou a migračnou tendenciou.
Enregistré dans:
| Auteur principal: | |
|---|---|
| Format: | Chapitre de livre |
| Langue: | anglais |
| Sujets: | |
| Tags: |
Pas de tags, Soyez le premier à ajouter un tag!
|
MARC
| LEADER | 00000nla a2200000 4500 | ||
|---|---|---|---|
| 001 | 0238621 | ||
| 005 | 20240502083638.4 | ||
| 041 | 0 | |a eng | |
| 044 | |a PL | ||
| 245 | 1 | 0 | |a Characteristics of Slovak Culture in the Context of Bilateral Austrian-Slovak Relations |c Michaela Čiefová |
| 520 | |a Význam bilaterálnych rakúsko-slovenských vzťahov v roku 2004 v súvislosti s hospodárskou a migračnou tendenciou. | ||
| 610 | 2 | 0 | |a vzťahy bilaterálne |
| 610 | 2 | 0 | |a Slovensko |
| 610 | 2 | 0 | |a Rakúsko |
| 610 | 2 | 0 | |a kultúra |
| 610 | 2 | 0 | |a migrácia |
| 610 | 2 | 0 | |a zvyklosti kultúrne |
| 100 | 1 | |a Čiefová, Michaela, 1991- | |